Städte Bayerns - Sudden Death - Statistiken

Allgemein
  • Dieses Quiz wurde 1.922 mal gespielt
    642 seit der letzten Aktualisierung
  • Das Durchschnittsergebnis liegt bei 8 aus 16
Answers on the Grid
Answers color-coded by a green-red scale on the quiz's grid according to % correct below.
Ulm
Schwabhofen
Nürnberg
Hallein
Ingolstadt
Augsburg
Landshut
Braunau
Bad Mergentheim
Memmingen
Traunstein
Tübingen
München
Donauwörth
Donaueschingen
Kitzingen
Wangen im Allgäu
Imst
Weiden
Erding
Kulmbach
Landsberg am Lech
Plauen
Bad Gandersheim
Weißenburg
Brezendorf
Ambach
Hillesheim
Straubing
Günzburg
 
Antwortstatistiken
Antwort % Korrekt
München
74%
Ingolstadt
69%
Nürnberg
68%
Augsburg
65%
Landshut
58%
Erding
55%
Straubing
54%
Memmingen
46%
Landsberg am Lech
44%
Traunstein
38%
Günzburg
37%
Donauwörth
34%
Kulmbach
34%
Weiden
33%
Kitzingen
32%
Weißenburg
23%
Keine übereinstimmenden Quizze gefunden
Verteilung der Resultate
Anzahl Personen mit jedem Resultat
Perzentil nach korrekt beantworteten Fragen
Ihre Resultats-Entwicklung
Sie haben dieses Quiz seit der letzten Aktualisierung nicht gespielt